| 000 | 00446nam a2200157 a 4500 | ||
|---|---|---|---|
| 001 | 1839 | ||
| 005 | 20140414131859.0 | ||
| 008 | 010419s19uu xx 00 eng d | ||
| 050 |
_aFIL 231 _bCh46 Bk.5 |
||
| 245 | _aChrist we live, 5. | ||
| 260 |
_aManila, Philippines : _bDaughter's of St. Paul, _c1992. |
||
| 300 | _a96 p. ; cm. | ||
| 440 | _aThe St. Paul's way, truth and life, Series 5 | ||
| 650 | _aReligion, Philippines. | ||
| 999 |
_c110596 _d110596 |
||